00693nam a2200241 a 4500001001300000003000900013005001700022008004100039020001000080082001600090100002100106245003800127260004000165300000900205500003500214505001000249650002400259700002100283902000800304942000700312952011700319999001500436nice12345678IN_TiNIC20260116012608.0050524s1975 edia grp 000 0 eng  ac10000a227.83bBAR aBarclay, William aLetters to Timothy Titus Philemon aEdinburghbSaint Andrew Pressc1975 a324p aincludes index and biblioraphy2 aIndex aBible N.T. Epistles1 aBarclay, William bSRS cBK 001040708StackRoom-aHMIbHMId2007-06-21g100.00l0o227.83 BARp012092r2007-06-21v100.00w2005-05-24yBK c7596d7596